000 00518cam a2200205ua 4500
001 993
005 20260515113245.0
008 110425n ii |||gr||||Z||||||eng
040 _cMAIN
082 _a351
245 1 _aLuka prasashan.
_cBy Kripesh Chandra Paul.
250 _a1st.
260 _aGowahati.:
_bArun prashasan.,997.
300 _axii, 544 p.:
_c25 cm.
653 _aPolitical science.
653 _aLuka prasashan
700 _aPaul, Kripesh Chandra.,
700 _aNayak, Pratul Chandra.,
942 _cBK
999 _c912
_d912